000 01086nam a22003497a 4500
001 0040776
003 KOHA_MİRAKIL
005 20260207003213.0
007 ta
008 130730b2003 tu a|||gr||||#||||0|tur |
020 _a9758704508
040 _aTR-BiSEU
_btur
_cTR-BiSEU
_erda
041 0 _atur
044 _ctu
050 _aUF750
_b.C76 2003
100 1 _aCrosby, Alfred W..
245 1 _aAteş etmek :
_bTarihte fırlatma teknolojileri/
_cAlfred W. Crosby ; Alfred W. Crosby ; çeviren Aybek Görey.
264 1 _aİstanbul :
_bKitap Yayınevi
_c2003
300 _a198 sayfa :
_bresimli ;
_c23 cm.
336 _ametin
_btxt
_2rdacontent
337 _aaracısız
_bn
_2rdamedia
338 _acilt
_bnc
_2rdacarrier
490 1 _aKitap yayınevi ;
_v41.
490 1 _aTarih ve Coğrafya dizisi ;16.
500 _aDizin var.
500 _aKaynakça var.
650 0 _aProjectiles--History.
_975580
650 0 _aFırlatıcılar--Tarihi.
_975581
830 1 _aKitap yayınevi ;
_v41.
_926654
830 1 _aTarih ve Coğrafya dizisi ;16.
_975582
942 _2lcc
_cBK
999 _c40641
_d40641